000 00709nam a2200229 i 4500
001 132286
003 ES-MaACL
005 20250911063550.0
007 t|
008 070214s1960 sp r ||||1| spa d
080 _a1(04)
100 0 _aRomero, Francisco,
_d1891-1962
_999324
245 1 0 _aFilosofía de ayer y de hoy /
_cFrancisco Romero ; prólogo de Antonio Rodríguez Huéscar.
260 _aMadrid :
_bAguilar,
_c1960.
300 _a306 p. ;
_c21 cm.
490 1 _aEnsayistas hispánicos
650 0 7 _aFilosofía
_2embne
_912802
700 1 _aRodríguez Huéscar, Antonio.
_998579
830 0 _aEnsayistas hispánicos
_9181410
852 _aES-MaACL
_jC-17479
999 _c132286
_d132286